| 000 | 01442nam a2200217Ia 4500 | ||
|---|---|---|---|
| 999 |
_c32356 _d32356 |
||
| 003 | OSt | ||
| 005 | 20210525132853.0 | ||
| 008 | 160316s2005 xxu||||| |||| 00| 0 eng d | ||
| 020 | _a9788180691553 | ||
| 040 | _cn | ||
| 082 |
_a907.200000 _bSHA |
||
| 100 | _aSharma Tej Ram | ||
| 245 | _aHistoriography : A history of historical writing | ||
| 260 |
_aNew Delhi _bConcept Publishing Co. _c2005 |
||
| 300 |
_a188p _cx |
||
| 365 | _b Rs. 350 | ||
| 505 | _aContents: Preface. I. History of historical writings: 1. Historical writings in the ancient world. 2. Historical writings in middle ages. 3. The modern historiography--approaches and trends. II. Approaches to history: 4. Nature and interpretation of history. 5. Developments in historiography during the nineteenth and twentieth centuries. 6. Twentieth century historiography. 7. Ethological or socio-biological view of history. 8. Nationalist approach to history. 9. Marxism and historical writing. 10. Subaltern historiography. 11. Women's history. 12. The Annales tradition--French school of historians. 13. Psychoanalysis and history. 14. Oral history. 15. Text books. 16. American historiography during the nineteenth and twentieth centuries. 17. Communal approach to history. 18. Local and regional approach to history. 19. Historiophoty. Bibliography. Index | ||
| 650 | _a1. Historiography | ||
| 700 |
_a _a |
||
| 942 |
_2ddc _cBK |
||